The diary [Large Print] / Eileen Goudge.
Available copies
- 1 of 1 copy available at LARL/NWRL Consortium.
Current holds
0 current holds with 1 total copy.
Show Only Available Copies
| Location | Call Number / Copy Notes | Barcode | Shelving Location | Status | Due Date |
|---|---|---|---|---|---|
| Roseau Public Library | lp GOU (Text) | 35500004666291 | Main | Available | - |
Record details
- ISBN: 9781410418029 (alk. paper)
- ISBN: 1410418022 (alk. paper)
- Physical Description: 277 p. (large print) ; 23 cm.
- Edition: Large print ed.
- Publisher: Waterville, Me. : Thorndike Press, 2009.
Content descriptions
| Summary, etc.: | When two grown daughters discover their mother's ... Read More |
Search for related items by subject
| Subject: | Mothers > Diaries > Fiction. Mothers and daughters > Fiction. |
| Genre: | Domestic fiction. Love stories. Large type books. |
| LDR | 01674cam a22003498a 4500 | ||
|---|---|---|---|
| 001 | 109834 | ||
| 003 | LARL_NWRL_CONSORTIUM | ||
| 005 | 20091002120019.0 | ||
| 008 | 090407r20092009meu ed 000 1 eng | ||
| 010 | . | ‡a2009013671 | |
| 020 | . | ‡a9781410418029 (alk. paper) | |
| 020 | . | ‡a1410418022 (alk. paper) | |
| 035 | . | ‡a(OCoLC)318100465 | |
| 040 | . | ‡aDLC ‡cDLC ‡dBTCTA ‡dGK8 ‡dIK2 ‡dMPC ‡dLF3 | |
| 082 | 0 | 0. | ‡a813/.54 ‡222 |
| 100 | 1 | . | ‡aGoudge, Eileen. ‡0(LARL_NWRL_CONSORTIUM)92888 |
| 245 | 1 | 4. | ‡aThe diary ‡h[Large Print] / ‡cEileen Goudge. |
| 250 | . | ‡aLarge print ed. | |
| 260 | . | ‡aWaterville, Me. : ‡bThorndike Press, ‡c2009. | |
| 300 | . | ‡a277 p. (large print) ; ‡c23 cm. | |
| 520 | . | ‡aWhen two grown daughters discover their mother's diary in her attic, they are stunned to learn her true love was not their father. But is all as it seems? That's the mystery they must unravel as their mother lies near death in a nursing home. Only the pages of her diary can provide the clues. The Diary is a love story. It's also the story of a family and the question that all adult children ask themselves at some point: How well do you really know your parents? | |
| 650 | 0. | ‡aMothers ‡xDiaries ‡vFiction. | |
| 650 | 0. | ‡aMothers and daughters ‡vFiction. ‡0(LARL_NWRL_CONSORTIUM)166030 | |
| 655 | 7. | ‡aDomestic fiction. ‡2gsafd | |
| 655 | 7. | ‡aLove stories. ‡2gsafd | |
| 655 | 0. | ‡aLarge type books. | |
| 901 | . | ‡a109834 ‡bOCLC ‡c109834 ‡tbiblio | |

Add to basket
Permalink
Disable Highlighting